Thực hành hóa học đại cương

में बचाया:
ग्रंथसूची विवरण
मुख्य लेखक: Hà Thị Ngọc Loan
स्वरूप: पुस्तक
भाषा:Undetermined
प्रकाशित: H. KHKT 2003
विषय:
टैग : टैग जोड़ें
कोई टैग नहीं, इस रिकॉर्ड को टैग करने वाले पहले व्यक्ति बनें!
Thư viện lưu trữ: Trung tâm Học liệu Trường Đại học Cần Thơ
LEADER 00590nam a2200217Ia 4500
001 CTU_57029
008 210402s9999 xx 000 0 und d
020 |b 35000 
082 |a 542.1 
082 |b L406 
100 |a Hà Thị Ngọc Loan 
245 0 |a Thực hành hóa học đại cương 
245 0 |c Hà Thị Ngọc Loan 
260 |a H. 
260 |b KHKT 
260 |c 2003 
526 |a Thực tập hóa cơ sở 
526 |b SP245 
650 |a chemistry 
650 |x laboratory, manuals, etc. 
980 |a Trung tâm Học liệu Trường Đại học Cần Thơ